| 000 | 00851cam a22002411 4500 | ||
|---|---|---|---|
| 001 | 000010787 | ||
| 005 | 20200929162307.0 | ||
| 008 | 730522s1957 nyua b 000 0 eng | ||
| 010 | _a56008169 | ||
| 040 |
_aDO-SdBNP _cDLC _dDLC |
||
| 050 | 0 | 0 |
_aTA165 _b.C65 |
| 100 | 1 |
_aConsidine, Douglas M., _eed. _926061 |
|
| 245 | 1 | 0 |
_aProcess instruments and controls handbook. / _cPrepared by a staff of specialists; Douglas M. Considine, editor-in-chief. |
| 260 |
_aNew York, : _bMcGraw-Hill, _c1957. |
||
| 300 |
_a1 v. (various pagings) : _bdiagrs., tables. ; _c24 cm. |
||
| 490 | 0 | _aMcGraw-Hill handbooks | |
| 504 | _aIncludes bibliographies. | ||
| 650 | 0 |
_aEngineering instruments. _926062 |
|
| 650 | 0 |
_aAutomatic control. _926063 |
|
| 650 | 0 |
_aScientific apparatus and instruments. _926064 |
|
| 910 | _aCatalogación por copia / LC | ||
| 082 | 0 | 0 | _a620.78 |
| 999 |
_c10539 _d10539 |
||